| 000 | 00647nam a2200205 i 4500 | ||
|---|---|---|---|
| 001 | 101122 | ||
| 003 | ES-MaACL | ||
| 005 | 20250829062539.0 | ||
| 007 | t| | ||
| 008 | 051013s1934 fr ||||1| fre d | ||
| 100 | 1 |
_aMaurois, André, _d1885-1967 _979267 |
|
| 245 | 1 | 0 |
_aEdouard VII et son temps / _cAndré Maurois, [seud.] de Emile Herzog. |
| 250 | _a228ª ed. | ||
| 260 |
_aParis : _b[s.n.], _c1934 ( _fImp. Moderna) |
||
| 300 |
_a386 p. ; _c19 cm. |
||
| 600 | 1 | 4 |
_aEduardo _bVII _cRey de Gran Bretaña. _9165228 |
| 651 | 4 |
_aGran Bretaña- _xHistoria- _y1901-1910, Eduardo VII. _9165229 |
|
| 852 |
_aES-MaACL _jB-8850 |
||
| 999 |
_c101122 _d101122 |
||